Cvičení z teorie statistiky pro posluchače oboru EZ

Salvato in:
Dettagli Bibliografici
Autore principale: Čermák, Václav
Ente Autore: Vysoká škola ekonomická v Praze. Národohospodářská fakulta
Natura: Libro
Lingua:ceco
Pubblicazione: Praha Státní pedagogické nakladatelství 1986
Edizione:5. přeprac. vyd.
Tags: Aggiungi Tag
Nessun Tag, puoi essere il primo ad aggiungerne!!

MARC

LEADER 00000nam a2200000 4500
001 c105068
005 20190423104857.4
041 0 |a cze 
044 |a CZ 
245 1 0 |a Cvičení z teorie statistiky pro posluchače oboru EZ  |c Václav Čermák 
250 |a 5. přeprac. vyd. 
264 1 |a Praha  |b Státní pedagogické nakladatelství  |c 1986 
300 |a 202 s. 
100 1 |a Čermák, Václav 
710 2 |a Vysoká škola ekonomická v Praze. Národohospodářská fakulta